Временные ведомственные нормы и расценки на реставрационные работы по памятникам архитектуры. Отд. 1: Ремонтно-реставрационные и восстановительные работы (Запись № 8630210)

Подробности
000 -МАРКЕР
контрольное поле 01593nam2a22002291 4500
001 - ИДЕНТИФИКАТОР ЗАПИСИ
контрольное поле rc\4175164
005 - ИДЕНТИФИКАТОР ВЕРСИИ
контрольное поле 20250611010129.0
035 ## - ДРУГИЕ СИСТЕМНЫЕ НОМЕРА
Идентификатор записи (NLR Aleph) 007999443
100 ## - ДАННЫЕ ОБЩЕЙ ОБРАБОТКИ
Данные общей обработки 20130415d1953 |||y0rusy50 ca
101 0# - ЯЗЫК РЕСУРСА
Язык текста, звукозаписи и т.д. русский
102 ## - СТРАНА ПУБЛИКАЦИИ ИЛИ ПРОИЗВОДСТВА
Страна публикации Российская Федерация
105 ## - ПОЛЕ КОДИРОВАННЫХ ДАННЫХ: ТЕКСТОВЫЕ МАТЕРИАЛЫ, МОНОГРАФИЧЕСКИЕ
Кодированные данные о монографическом текстовом документе y z |||||
200 1# - ЗАГЛАВИЕ И СВЕДЕНИЯ ОБ ОТВЕТСТВЕННОСТИ
Основное заглавие Ремонтно-реставрационные и восстановительные работы
210 ## - ПУБЛИКАЦИЯ, РАСПРОСТРАНЕНИЕ И ДР.
Дата издания, распространения и т.д. 1953
Место издания, распространения и т.д. Б. м.
215 ## - ФИЗИЧЕСКАЯ ХАРАКТЕРИСТИКА
Специфическое обозначение материала и объем [2], 163 с.
461 #0 - УРОВЕНЬ НАБОРА
Встроенное поле 001rc\4175163
-- 2001#$aВременные ведомственные нормы и расценки на реставрационные работы по памятникам архитектуры$e[Утв. Упр. по делам архит. при Совете Министров РСФСР от 21 марта 1953 г. № 38]$eОтд. 1-$fУпр. по делам архитектуры при Совете Министров РСФСР$vОтд. 1
Системный номер (АБИС) связанной записи 8630205
Автор РСФСР. Управление по делам архитектуры
Место публикации Москва
Дата публикации 1953
Первые сведения об ответственности Упр. по делам архитектуры при Совете Министров РСФСР
Имя издателя, распространителя и т.д. Б. и.
Сведения, относящиеся к заглавию [Утв. Упр. по делам архит. при Совете Министров РСФСР от 21 марта 1953 г. № 38] : Отд. 1-
Заглавие Временные ведомственные нормы и расценки на реставрационные работы по памятникам архитектуры
Номер тома Отд. 1
801 #0 - ИСТОЧНИК ЗАПИСИ
Страна Российская Федерация
Организация NLR
Правила каталогизации psbo
801 #1 - ИСТОЧНИК ЗАПИСИ
Страна Российская Федерация
Организация ELAR
Источник данных rusmarc
852 ## - МЕСТОНАХОЖДЕНИЕ И ШИФР ХРАНЕНИЯ
Идентификатор организации NLR
Шифр хранения (Call Number) Пт 80-1/57
942 ## - ДОПОЛНИТЕЛЬНЫЕ ЭЛЕМЕНТЫ ЗАПИСИ (АБИС)
Тип экземпляра АБИС Книга
980 ## - КОЛЛЕКЦИЯ
Название коллекции Национальная библиография
Экземпляры
Тип экземпляра Дата поступления Библиотека постоянного хранения Библиотека текущего хранения Место хранения Шифр хранения Штрих-код Статус экземпляра
Книга 26.10.2013 РНБ (Московский) РНБ (Московский) Фонд нормативно-технических и технических документов Пт 80-1/57 7999443-10